000 00273nam a2200133Ia 4500
100 _aBoyet/ H./ Katz/ R.
942 _cBK
654 _aComputer
245 _a8051 Programming
260 _bITM Pub
_aNew York
_c1981
082 _a5.711
546 _aENGLISH
999 _c27611
_d27611